Flags of Countries in Euro 1980 - Statistics

General Stats
  • This quiz has been taken 171 times
  • The average score is 7 of 8
Answer Stats
Picture Answer % Correct
Italy
100%
Belgium
94%
Greece
94%
Netherlands
92%
Spain
92%
England
90%
West Germany
81%
Czechoslovakia
75%
No matching quizzes found
Score Distribution
Percent of People with Each Score
Percentile by Number Answered
Your Score History
You have not taken this quiz